1426 1135 1502 1079 1999 1938 1653 1903 1796 1767 1590 1222 1571 1652 1758 1481 1078 1632 1191 1950 1575 1398 1525 1115 1495 1107 1929 1305 1107 1959 1851 1048 1054 1511 1391 1436 1349 1195 1135 1195 1192 1716 1631 1621 1979 1605 1017 1760 1333 1318 1732 1691 1588 1954 1196 1355 1451 1509 1092 1822 1708 1902 1079 1798 1932 1136 1870 1743 1713 1182 1847 1297 1609 1379 1936 1774 1627 1369 1336 1117 1282 1932 1081 1610 1372 1703 1330 1515 1806 1641 1095 1384 1089 1427 1920 1695 1799 1354 1301 BCNSPRNW ULIB Ver.6.0+V

เปลี่ยนเป็นภาษาไทย

Change to English
 แสดงรายละเอียดบรรณานุกรม
  กลับหน้าหลัก

Brief Record : Get Marc (ISO 2709) : E-mail record : QR code < ปิดหน้าต่าง
LEADER : 00000nam 2200000uu 4500
001    13399128479
003     ULIB
008    230830s2018||||th 000 0 tha d
020    ^a9781108553193 (pbk.)
050  4 ^aPE1128^bC177
245 00 ^aCambridge English official IELTS 13 general training withanswers :^bauthentic examination papers /^c[CambridgeUniversity Press]
246 30 ^aIELTS 13 General training with answers : authenticexamination papers
250    ^a1st ed.
260    ^aCambridge :^bCambridge University Press,^c2018
300    ^a138 p. :^bill. ;^c25 cm.
504    ^aIncludes bibliographical references
650  0 ^aInternational English Language Testing System^vStudyguides
650  0 ^aEnglish language^vTextbooks for foreign speakers
650  0 ^aEnglish language^xStudy and teaching
650  0 ^aEnglish language^xExaminations^vStudy guides
650  0 ^aEnglish language^vProblems, exercises, etc.
653    ^aIELTS
945    ^p1099^l0^i010223
999    ^aประนอม เกษจรัล
รายการนี้ยังไม่มีแท็ก
คุณยังไม่ได้ล็อกอิน คุณสามารถมีกิจกรรมร่วมกับเว็บไซต์ได้ แต่ต้องล็อกอินก่อน ::
  ล็อกอิน

รายการสื่อสารสนเทศ

ลำดับที่ ประเภท เลขเรียก/บาร์โค้ด สถานที่ สถานะ
1. การศึกษาทั่วไป
หนังสือสำรอง
สถานะ=หนังสือสำรอง
PE1128 C177 ฉ.1 
  Barcode: 010223
ห้องสมุดวิทยาเขตสวรรค์ประชารักษ์
►หนังสือทั่วไป
บนชั้น

BibComment


ยังไม่เคยถูกคอมเมนท์

คอมเมนท์ทรัพยากรรายการนี้
  คอมเมนท์: Cambridge Englis..


 Copyright 2026. Bcnsprnw @Library